Sturdy statistics : nonparametrics and order statistics /
Guardado en:
| Autor Principal: | |
|---|---|
| Otros Autores: | |
| Formato: | Libro |
| Idioma: | English |
| Publicado: |
Reading, Mass. :
Addison-Wesley,
c1973.
|
| Etiquetas: |
Agregar Etiqueta
Sin Etiquetas, Sea el primero en etiquetar este registro!
|
| LEADER | 00597nam a22001695 4500 | ||
|---|---|---|---|
| 001 | MAT.inmabb002067 | ||
| 008 | 730212s1973####maua#####b####001#0#eng#d | ||
| 005 | 20130311181439.0 | ||
| 245 | 1 | 0 | |a Sturdy statistics : |b nonparametrics and order statistics / |c Frederick Mosteller, Robert E. K. Rourke. |
| 260 | |a Reading, Mass. : |b Addison-Wesley, |c c1973. | ||
| 300 | |a xv, 395 p. : |b il. ; |c 25 cm. | ||
| 504 | |a Bibliografía: p. 371-372. | ||
| 100 | 1 | |a Mosteller, Frederick, |d 1916-2006. | |
| 700 | 1 | |a Rourke, Robert E. K. | |
| 084 | |a 62Gxx |2 msc2000 | ||
| 010 | |a 70184162 | ||
| 859 | |h 62 |i M915 |p A-3715 |b BIB. MATEMATICA | ||
